Design of high-speed railway turnouts: theory and applications

Tallennettuna:
Bibliografiset tiedot
Päätekijä: Wang, Ping (Tekijä)
Aineistotyyppi: Kirja
Kieli:englanti
Julkaistu: Amsterdam Elsiever 2015
Painos:1a. ed
Aiheet:
Tagit: Lisää tagi
Ei tageja, Lisää ensimmäinen tagi!

MARC

LEADER 00000cam a2200000 a 4500
001 UCE8681
003 CL-VaPUC
008 150827e20150000ne |||||||||||||||||eng|d
020 |a 9780323396172 
082 0 4 |a 385.312  |b WAN  |2 21 
100 0 |a Wang, Ping  |e author  |9 581402 
245 1 0 |a Design of high-speed railway turnouts: theory and applications 
250 |a 1a. ed 
300 |a 464 p 
942 |c BK 
945 |d 20150827 16:13:00  |a dcastane 
260 |a Amsterdam  |b Elsiever  |c 2015 
650 0 |a Ferrocarriles  |9 260933 
650 0 |a Transporte Ferroviario  |9 353259 
583 |a last modification  |c 20150827 16:13:00  |k Rodrigo Vera 
999 |c 360467  |d 360465 
952 |0 0  |1 0  |3 erd  |4 0  |6 385_312000000000000_WAN_2015  |7 0  |8 A  |9 470300  |a BIBMEC  |b BIBMEC  |i 5195438  |o 385.312 WAN 2015  |p 5195438  |r 2024-01-19  |w 2019-11-23  |y BK  |z Catalogado en:20150827  |k MEC